Oceanography: a study of inner space

में बचाया:
ग्रंथसूची विवरण
मुख्य लेखक: Yasso, Warren E (लेखक)
स्वरूप: पुस्तक
भाषा:अंग्रेज़ी
प्रकाशित: Nueva York Holt, Rinehart and Winston 1965
श्रृंखला:Holt library of science II, 17
विषय:
टैग: टैग जोड़ें
कोई टैग नहीं, इस रिकॉर्ड को टैग करने वाले पहले व्यक्ति बनें!

MARC

LEADER 00000nam a2200000 a 4500
001 UCY3130
003 CL-VaPUC
008 941213e19650000US |||||||||||||||||eng|d
082 0 4 |a 551.46  |b YAS  |2 21 
100 0 |a Yasso, Warren E  |e author  |9 331348 
245 1 0 |a Oceanography: a study of inner space 
300 |a 176 p 
942 |c BK 
945 |d 19941213 00:00:00  |a mfernand 
260 |a Nueva York  |b Holt, Rinehart and Winston  |c 1965 
650 0 |a Oceanografía  |9 260014 
650 0 |a Biología marina  |9 259965 
583 |a last modification  |c 19941213 00:00:00  |k Rodrigo Vera 
490 0 |a Holt library of science II, 17 
999 |c 231359  |d 231357